| 000 | 01433cam a22003974i 4500 | ||
|---|---|---|---|
| 003 | PE-LiUPU | ||
| 005 | 20250731172927.0 | ||
| 008 | s1954 r 000 0 spa d | ||
| 035 | _a(Sirsi) a204015 | ||
| 040 |
_aPE-LiUPU _bspa _cPE-LiUPU _erda |
||
| 049 | _aPRUA | ||
| 082 | 0 | 4 |
_a291.569 _bH26 |
| 100 | 1 |
_aThielicke, Helmut, _eautor. _91530 |
|
| 245 |
_aOut of the Depths / _cHelmut Thielicke. |
||
| 264 |
_aMichigan : _bAerdmans, _c1954. |
||
| 300 |
_a315 páginas ; _c19 centímetros. |
||
| 336 |
_text _2rdacontent |
||
| 337 |
_unmediated _2rdamedia |
||
| 338 |
_volume _2rdacarrier |
||
| 505 | 0 | _aThe God of ends -- On death -- Between the Horsemen of the apocalypse -- Theology in the face of Death -- In the Depths -- The question concerning the gracious god -- Jesus' conversation with nicodemus by night -- Son of God or brother Man -- World history and world judgment. | |
| 526 | _aSEG42 | ||
| 526 | _aSEG41 | ||
| 526 | _aSEG40 | ||
| 526 | _aSEG39 | ||
| 526 | _aP94 | ||
| 526 | _aP87 | ||
| 526 | _aP86 | ||
| 526 | _aP85 | ||
| 526 | _aP77 | ||
| 526 | _aP76 | ||
| 526 | _aP35 | ||
| 596 | _a1 | ||
| 942 |
_2ddc _cBOOK |
||
| 999 |
_a291.569 H26 _wLC _c20393 _i75839 _f2021-11-11 _g4 _lCCODEBUL1 _mBUL _r0 _sY _tBOOK _u2017-5-22 _xTEOLOGIA _PP85 _0DONACION _o.STAFF. Colección Teología _d20393 |
||
| 980 |
_81 _gALBERTO SANCHEZ Responsable de Automatización |
||